000 00497nam a2200193Ia 4500
005 20250317123545.0
008 008 250317s9999 xx 000 0 eng d
037 _aTextbook
040 _aFMSL
_beng
_cFMSL
041 _aeng
_2eng
084 _aB132 K6
_qFMSL
100 _aHarman H H
_987287
245 0 _aModern factor analysis
250 _a2
260 _aLondon
_bLondon, AMR
_c1966
300 _a208p
942 _cTB
_hB132 K6
999 _c1251764
_d1251764